| 000 | 00370nam a2200133Ia 4500 | ||
|---|---|---|---|
| 008 | 240624s9999 xx 000 0 und d | ||
| 041 | _aeng | ||
| 082 | _a338.9 BEI | ||
| 100 | _aBEINHOCKER ERIC D | ||
| 245 | _aORIGIN OF WEALTH EVOLUTION COMPLEXITY AN | ||
| 260 |
_c2006 _aBoston _bHarvard Businesss School Press |
||
| 300 | _axvi, : 527 : p. : cm. ; 24 | ||
| 365 |
_cRS _b35 |
||
| 999 |
_c7920 _d7920 |
||